Catálogo Biblioteca Central

Reflexión sobre la modificación de los contratos en la Ley 30/2007, de 30 de octubre, de contratos del sector público (Registro nro. 165912)

Detalles MARC
000 -CABECERA
campo de control de longitud fija 00805naa a2200217 4500
001 - NÚMERO DE CONTROL
campo de control 165912
003 - IDENTIFICADOR DEL NÚMERO DE CONTROL
campo de control ES-MaBCM
005 - FECHA Y HORA DE LA ÚLTIMA TRANSACCIÓN
campo de control 20241016190915.0
008 - CÓDIGOS DE INFORMACIÓN DE LONGITUD FIJA
campo de control de longitud fija 090127s2009 esp|r0p 0 ||spa d
021 ## -
-- xx
035 ## - NÚMERO DE CONTROL DEL SISTEMA
Número de control de sistema (OCoLC)1365178628
040 ## - FUENTE DE LA CATALOGACIÓN
Centro transcriptor ES-MaBCM
100 1# - PUNTO DE ACCESO PRINCIPAL - NOMBRE DE PERSONA
Nombre de persona García de la Mata, José Enrique
9 (RLIN) 86525
245 10 - MENCIÓN DE TÍTULO
Título Reflexión sobre la modificación de los contratos en la Ley 30/2007, de 30 de octubre, de contratos del sector público
Mención de responsabilidad etc. José Enrique García de la Mata, Jorge Guillermo Pipaón Pulido
650 27 - PUNTO DE ACCESO ADICIONAL DE MATERIA--TÉRMINO DE MATERIA
Término de materia o nombre geográfico como elemento inicial Contratación administrativa
9 (RLIN) 58095
651 24 - PUNTO DE ACCESO ADICIONAL DE MATERIA--NOMBRE GEOGRÁFICO
Nombre geográfico España
9 (RLIN) 115342
655 #4 - TÉRMINO DE INDIZACIÓN--GÉNERO/FORMA
Datos o término principal de género/forma Legislación comentada
9 (RLIN) 115338
700 1# - PUNTO DE ACCESO ADICIONAL--NOMBRE DE PERSONA
Nombre de persona Pipaón Pulido, Jorge Guillermo
9 (RLIN) 86526
773 0# - ENLACE AL DOCUMENTO FUENTE
Encabezamiento principal En:
Título La Ley
Lugar editor y fecha de publicación Madrid
Parte(s) relacionada(s) V. 4 (2008), p. 1608-1612 (D-211)
Número de control del registro relacionado 104460
942 ## - ELEMENTOS DE PUNTO DE ACCESO ADICIONAL (KOHA)
Tipo de ítem Koha Artículos de revistas
Existencias
Estado de retiro Estado de pérdida Estado dañado No para préstamo Localización permanente Ubicación/localización actual Fecha de adquisición Precio válido a partir de Tipo de ítem Koha
        Biblioteca Central del Ministerio de la Presidencia Biblioteca Central del Ministerio de la Presidencia 21/04/2012 21/04/2012 Artículos de revistas